000 00452pab a2200157 454500
008 180718b2011 xxu||||| |||| 00| 0 eng d
100 _aVeugelers, John W.P.
245 _aDissenting families and social movement abeyance: The transmission of neo-fascist frames in postwar Italy
260 _c2011
300 _ap.241-261.
362 _aJun
650 _aSocial movements
773 _aBritish Journal of Sociology
908 _aN
909 _a92213
999 _c92213
_d92213